000 00320nam a2200133Ia 4500
100 _aMajumdar/S.R
942 _cBK
654 _aoil
245 _aOil Hydraulic systems:Principles and Maintenance
260 _bTata Mc Graw hill Ltd.
_aNew Delhi
_c2001
082 _a621.20424
_bMAJ
300 _a548
546 _aENGLISH
999 _c26589
_d26589